00233nam a2200085Ia 4500008004100000082001900041100002000060245005900080300000800139210430s9999 xx 000 0 und d a620.1127 H476H aCharles Hellier aHandbook of Nondestructive EvaluationcCharles Hellier a549